हृदय रोग कारण और उपचार / (Record no. 119441)

MARC details
000 -LEADER
fixed length control field 01197nam a22002657a 4500
005 - DATE AND TIME OF LATEST TRANSACTION
control field 20170124103134.0
010 ## - LIBRARY OF CONGRESS CONTROL NUMBER
LC control number B-003761
020 ## - INTERNATIONAL STANDARD BOOK NUMBER
Terms of availability 175.00
035 ## - SYSTEM CONTROL NUMBER
System control number B-003761
037 ## - SOURCE OF ACQUISITION
Source of stock number/acquisition Cen Lib/Ret
040 ## - CATALOGING SOURCE
Original cataloging agency DPL
Language of cataloging HN
082 ## - DEWEY DECIMAL CLASSIFICATION NUMBER
Classification number 616.12
Item number व्यासदे
100 ## - MAIN ENTRY--PERSONAL NAME
Personal name व्यास, देवशक्ति
9 (RLIN) 84910
245 ## - TITLE STATEMENT
Title हृदय रोग कारण और उपचार /
Statement of responsibility, etc देवशक्ति व्यास
246 ## - VARYING FORM OF TITLE
Title proper/short title Hridey rog karan aur upchar /
Remainder of title by Devshakti Vyas
260 ## - PUBLICATION, DISTRIBUTION, ETC. (IMPRINT)
Place of publication, distribution, etc नई दिल्ली
Name of publisher, distributor, etc मनीष प्रकाशन
Date of publication, distribution, etc 2000
270 ## - ADDRESS
Address सी-8/174, यमुना विहार
City नई दिल्ली
Postal code 110053
300 ## - PHYSICAL DESCRIPTION
Extent 168पृ. :
Dimensions 21सेमी(सजिल्द)
Other physical details सचित्र
500 ## - GENERAL NOTE
General note अनुक्रमणिका शामिल
650 ## - SUBJECT ADDED ENTRY--TOPICAL TERM
Topical term or geographic name as entry element हृदय रोग से सुरक्षा
9 (RLIN) 84911
650 ## - SUBJECT ADDED ENTRY--TOPICAL TERM
Topical term or geographic name as entry element हृदय की संरचना और कार्य
9 (RLIN) 84912
650 ## - SUBJECT ADDED ENTRY--TOPICAL TERM
Topical term or geographic name as entry element Protection from heart disease
9 (RLIN) 84913
650 ## - SUBJECT ADDED ENTRY--TOPICAL TERM
Topical term or geographic name as entry element Structure and function of the heart
9 (RLIN) 84914
942 ## - ADDED ENTRY ELEMENTS (KOHA)
Source of classification or shelving scheme Dewey Decimal Classification
Koha item type Hindi Books
Classification part 616.12
Call number suffix व्यासदे
Holdings
Withdrawn status Lost status Damaged status Not for loan Home library Current library Date acquired Source of acquisition Cost, normal purchase price Total Checkouts Full call number Barcode Date last seen Date checked out Copy number Cost, replacement price Price effective from Koha item type
        Central Library Central Library 17/09/2015 Cen Lib/Ret 175.00 2 616.12 व्यासदे B-003761 13/03/2019 27/02/2019 1 175.00 17/09/2015 Hindi Books

© Delhi Public Library
Hit Counter
free hit counter